|
|
|
|
| LEADER |
01146nam a2200289 a 4500 |
| 001 |
GR-MES10712 |
| 008 |
060919s xxk b 001 0 gre d |
| 020 |
|
|
|a 0852382448
|
| 040 |
|
|
|a GrPaTEI
|b gre
|c GR-PaULI
|
| 040 |
|
|
|a GrPaTEI
|b gre
|c GR-PaULI
|
| 082 |
|
0 |
|a 639.375 7
|2 21
|
| 100 |
1 |
|
|a Roberts, Ronald J.
|
| 245 |
1 |
0 |
|a Handbook of trout and salmon diseases /
|c Ronald J. Roberts / C.Jonathan Shepherd.
|
| 250 |
|
|
|a 3rd ed.
|
| 260 |
|
|
|a Oxford
|a Cambridge,Mass. :
|b Fishing New Books,
|c c1997
|
| 300 |
|
|
|a ix
|a 179σ. :
|b εικ. ;
|c 26εκ.
|
| 504 |
|
|
|a Περιλαμβάνει βιβλιογραφίες και ευρετήριο.
|
| 650 |
|
0 |
|a Salmon
|x Diseases
|
| 650 |
|
0 |
|a Trout
|x Diseases
|
| 650 |
|
4 |
|a Πέστροφα-Ασθένειες
|
| 650 |
|
4 |
|a ΣΟΛΟΜΟΣ
|
| 650 |
|
4 |
|a Σολωμός-Ασθένειες
|
| 700 |
1 |
|
|a Shepherd, Jonathan
|
| 942 |
|
|
|2 ddc
|
| 952 |
|
|
|0 0
|1 0
|2 ddc
|4 0
|6 639_375000000000000_7_ROB
|7 0
|9 270030
|a MSLG
|b MSLG
|c BSC
|d 2021-01-17
|e 24
|f 0
|g 0.00
|l 0
|o 639.375 7 ROB
|p 2420000020798
|r 2021-01-17 00:00:00
|t 1
|w 2021-01-17
|y BK15
|x 20060919 0 1
|x GrPaTEI
|
| 971 |
|
|
|a .b25767598
|b 01-10-20
|c 13-09-16
|
| 999 |
|
|
|c 155914
|d 155914
|